000 00478nam a2200169Ia 4500
003 OSt
005 20230609143920.0
008 210423s2002 xx 000 0 und d
040 _cAL
082 _a362.1 POLN
_223
100 _aPOLIT (Denise F);BECK (Cheryl Tatano).
_9123328
245 _aNursing research principles and methods.
260 _aLondon
_bLippincott Williams
_c2002
365 _cINR
906 _amethods. ; Nursing ; principles ; research
942 _2ddc
_cBK
999 _c174258
_d174258